| 000 | 00517nam a2200181Ia 4500 | ||
|---|---|---|---|
| 005 | 20250923145056.0 | ||
| 008 | 008 250917s9999 xx 000 0 eng d | ||
| 037 | _aTextual | ||
| 040 |
_aDSWL _beng _cDSWL |
||
| 041 |
_aeng _2eng |
||
| 084 |
_aX:97D, H9 _qDSWL |
||
| 100 |
_aPerlman, Selig _9831525 |
||
| 245 | 0 |
_aTheory of labour movements _cby Selig Perlman |
|
| 260 |
_aNew York _b Augustus M. Kell _c1949 |
||
| 300 | _a180p. | ||
| 942 |
_cTEXL _hX:97D, H9 |
||
| 999 |
_c1446788 _d1446788 |
||